Journey to Jo'burg : (Record no. 635)

MARC details
000 -LEADER
fixed length control field 01470pam a2200373 a 4500
001 - CONTROL NUMBER
control field 635
003 - CONTROL NUMBER IDENTIFIER
control field FISKH
005 - DATE AND TIME OF LATEST TRANSACTION
control field 20230627111512.0
008 - FIXED-LENGTH DATA ELEMENTS--GENERAL INFORMATION
fixed length control field 850910r1985 nyua j 000 1 eng
010 ## - LIBRARY OF CONGRESS CONTROL NUMBER
LC control number 85045508
020 ## - INTERNATIONAL STANDARD BOOK NUMBER
International Standard Book Number 0397321686 :
Terms of availability $9.95
020 ## - INTERNATIONAL STANDARD BOOK NUMBER
International Standard Book Number 0397321694 (lib. bdg.) :
Terms of availability $11.89
022 ## - INTERNATIONAL STANDARD SERIAL NUMBER
International Standard Serial Number 9780007263509
040 ## - CATALOGING SOURCE
Original cataloging agency DLC
Transcribing agency DLC
Modifying agency DLC
-- FISKH
Language of cataloging eng
042 ## - AUTHENTICATION CODE
Authentication code lcac
050 00 - LIBRARY OF CONGRESS CALL NUMBER
Classification number PZ7.N1384
Item number Jo 1985
082 00 - DEWEY DECIMAL CLASSIFICATION NUMBER
Classification number [Fic]
Edition number 19
100 1# - MAIN ENTRY--PERSONAL NAME
Personal name Naidoo, Beverley.
245 10 - TITLE STATEMENT
Title Journey to Jo'burg :
Remainder of title a South African story /
Statement of responsibility, etc. by Beverley Naidoo ; illustrations by Eric Velasquez.
250 ## - EDITION STATEMENT
Edition statement This edition published by Harper Collins Children's books 2016
260 ## - PUBLICATION, DISTRIBUTION, ETC.
Place of publication, distribution, etc. New York :
Name of publisher, distributor, etc. Longman Group,
Date of publication, distribution, etc. 1985.
300 ## - PHYSICAL DESCRIPTION
Extent 98 pages :
Other physical details illustrations ;
Dimensions 22 cm.
505 ## - FORMATTED CONTENTS NOTE
Formatted contents note M
520 ## - SUMMARY, ETC.
Summary, etc. Separated from their mother by the harsh social and economic conditions prevalent among blacks in South Africa, thirteen-year-old Naledi and her younger brother make a journey of over 300 kilometers to find her in Johannesburg.
521 8# - TARGET AUDIENCE NOTE
Target audience note 760 <br/>
Source Lexile
521 8# - TARGET AUDIENCE NOTE
Target audience note M <br/>
Source Raz-Plus
650 #1 - SUBJECT ADDED ENTRY--TOPICAL TERM
Topical term or geographic name entry element Black people
Geographic subdivision South Africa
General subdivision Fiction.
651 #1 - SUBJECT ADDED ENTRY--GEOGRAPHIC NAME
Geographic name South Africa
General subdivision Race relations
-- Fiction.
700 1# - ADDED ENTRY--PERSONAL NAME
Personal name Velasquez, Eric,
Relator term illustrator
856 42 - ELECTRONIC LOCATION AND ACCESS
Materials specified Publisher description
Uniform Resource Identifier <a href="http://www.loc.gov/catdir/description/hc044/85045508.html">http://www.loc.gov/catdir/description/hc044/85045508.html</a>
906 ## - LOCAL DATA ELEMENT F, LDF (RLIN)
a 7
b cbc
c orignew
d 1
e ocip
f 19
g y-gencatlg
942 ## - ADDED ENTRY ELEMENTS (KOHA)
Source of classification or shelving scheme Dewey Decimal Classification
Koha item type Books
Suppress in OPAC No
Holdings
Withdrawn status Lost status Source of classification or shelving scheme Damaged status Not for loan Collection Home library Current library Shelving location Date acquired Total Checkouts Full call number Barcode Date due Date last seen Date last checked out Price effective from Koha item type
    Dewey Decimal Classification     Juvenile Fiction Footprints International School Library Network Toul Kork Campus Footprints International School Library Network Toul Kork Campus TK Primary Library Room(4th Floor), Bookcase 5&6, Shelves 33-56, Orange Books 06/27/2023 2 NAI Fic PZ7.N1384 FISTK05888 12/23/2025 12/09/2025 12/09/2025 06/27/2023 Books